00753nam a2200253 a 4500001001300000003000900013005001700022008004100039020000900080082002000089100001600109245003800125260004800163300000800211500003500219505002400254650001700278650002700295700001600322902000800338942000700346952013100353999001500484nice12345678IN_TiNIC20260116012456.0050524s1984 isla grp 000 0 eng  ac4200a305.480297bAHM aAhmad, Anis aMuslim Women and Higher Education aIslambadbInstitute of Policy Studiesc1984 a95p aincludes index and biblioraphy2 aBibliography, Index aMuslim Women aEducation-Muslim Women1 aAhmad, Anis bSRS cBK 001040708StackRoom-aHMIbHMId2007-03-26g42.00l1o305.480297 AHMp014469r2017-11-17s2017-11-13v42.00w2005-05-24yBK c7162d7162